[Event "Klubbmesterskapet 2019 (A)"]
[Site "Ås, Akershus NOR"]
[Date "2019.02.07"]
[Round "4"]
[White "Lea, Per"]
[Black "Furnes, Torstein"]
[Result "0-1"]
[WhiteElo "1729"]
[BlackElo "1772"]
[Annotator "Furnes, Torstein"]
[PlyCount "66"]
[EventDate "2019.01.10"]

1. e4 c5 2. Nf3 Nc6 3. d4 cxd4 4. Nxd4 e5 5. Nb5 d6 6. N1c3 a6 7. Na3 b5 8. Nd5
Nf6 9. Bg5 Be7 10. Bxf6 Bxf6 11. c3 O-O 12. Nc2 Bg5 13. a4 bxa4 14. Rxa4 a5 15.
Bc4 {Denne stillingen har vi hatt i 6 tidligere langsjakkpartier, men jeg har
da fortsatt med Kh8, Tb8 eller Le6.} Bd7 {15.-Ld7 ble også valgt av Magnus
Carlsen i partiet Naiditsch-Carlsen i 2009.} 16. Ra2 Kh8 17. Nce3 g6 18. g4 {
Dette trekket er ikke tidligere spilt i online-databasen til ChessBase. Der
fortsetter 20 partier med 18.0-0 og ett parti med 18.h4.} Ne7 19. h4 Bxe3 ({
Under partiet tenkte jeg en del på denne varianten} 19... Bxh4 20. Rxh4 Nxd5
21. Bxd5 Qxh4 22. Bxa8 Rxa8 23. Qxd6 {men jeg kom til at svart ikke ville
oppnå noe særlig. Men Fritz påpeker at svart spiller ikke 22.-Txa8, men heller
22.-Dh1+ fulgt av dronningbytte og vinner bonde.}) 20. Nxe3 Qc7 (20... Bc6) 21.
Bd3 (21. h5) 21... Be6 22. c4 Qc5 23. h5 g5 24. Qe2 Nc6 25. Nc2 Nd4 26. Nxd4
Qxd4 27. f3 Rfc8 28. Ra4 $19 {Ifølge Fritz er dette en feil som øker
svartfordelen til -3. Fritz vil heller spille h6 eller Dd2.} Rcb8 29. Rh2 Qg1+
30. Kd2 Rxb2+ 31. Bc2 Rab8 ({Svart kunne også avgjort med} 31... Rxc2+ $1 32.
Kxc2 Rb8 $19) 32. Qf2 Rxc2+ $1 33. Kxc2 Qb1+ {Det er matt i 4 trekk.} (33...
Qb1+ 34. Kd2 (34. Kc3 Rb3+ 35. Kd2 Qd3+ 36. Ke1 Rb1#) 34... Rb2+ 35. Ke3 (35.
Kc3 Rb3+ 36. Kd2 Qd3+ 37. Ke1 Rb1#) 35... Rb3+ 36. Kd2 Qd3+ 37. Ke1 Rb1#) 0-1

[Event "Klubbmesterskapet 2019 (B)"]
[Site "Ås, Akershus NOR"]
[Date "2019.02.07"]
[Round "4"]
[White "Petersen, Rune J"]
[Black "Stensland, Martin"]
[Result "0-1"]
[WhiteElo "1199"]
[BlackElo "1225"]
[PlyCount "88"]
[EventDate "2019.01.10"]

1. d4 d5 2. Nf3 Nc6 3. e3 e6 4. Nc3 Nf6 5. Bd3 Bd6 6. O-O h6 7. Bd2 O-O 8. Nb5
Bb4 9. c3 Be7 10. Qe2 a6 11. Na3 Ne4 12. Nc2 Nxd2 13. Nxd2 e5 14. dxe5 Nxe5 15.
f4 Bg4 16. Nf3 Nxf3+ 17. gxf3 Bh3 18. Kh1 Bxf1 19. Qxf1 f5 20. Nd4 Qd7 21. Qh3
Kh8 22. Rg1 Rf7 23. Nxf5 Rxf5 24. Bxf5 Qc6 25. Rg6 Bf6 26. Rxh6+ gxh6 27. Qxh6+
Kg8 28. Bh7+ Kf7 29. Bg6+ Ke7 30. Qh7+ Kd6 31. e4 dxe4 32. Bxe4 Qb5 33. Bd3
Qxb2 34. Bf1 Rh8 35. Qd3+ Ke7 36. Qe3+ Kf7 37. Bc4+ Kf8 38. Qc5+ Ke8 39. Qe3+
Be7 40. Qg1 b6 41. Bxa6 Qxc3 42. Qg6+ Kd8 43. Qf5 Qxf3+ 44. Kg1 Bc5+ 0-1

[Event "Klubbmesterskapet 2019 (A)"]
[Site "Ås, Akershus NOR"]
[Date "2019.02.19"]
[Round "1"]
[White "Lea, Per"]
[Black "Larsen, Jo Ingebrigt"]
[Result "1-0"]
[WhiteElo "1729"]
[BlackElo "1621"]
[Annotator "Lea,Per"]
[PlyCount "35"]
[EventDate "2019.01.10"]

1. e4 d6 2. d4 Nf6 3. Nc3 Nbd7 4. Nf3 e5 5. Bc4 {og} Be7 6. Bxf7+ $2 {
Fristende - men dårlig. Hvit hadde ikke sett langt nok, selv om offeret har
ført til dårlige uttelling i liknende stillinger tidligere.} ({Den vanligste
fortsettelsen er} 6. O-O O-O {- "Det enkleste er det beste"}) ({Spillbart er
også} 6. a4) ({og} 6. h3) 6... Kxf7 7. Ng5+ Kg8 ({Jeg visste ikke helt hvordan
jeg skulle besvare} 7... Kg6 {Det er neppe godt nok å spille} 8. Ne6 Qg8 9.
Nxc7 Rb8 10. dxe5 dxe5 {selv om hvit i øyeblikket har 2 bønder for løperen,
svarts konge står utsatt til, og svarts dronnning og h8-tårn er passivisert})
8. Ne6 Qe8 9. Nxc7 Qg6 $1 {Det motangrepet hadde jeg ikke fått med meg da jeg
slo på f7... Nå er det svart som blir stående best, selv om tårnet på a8
faller, og tårnet på h8 er "dødt".} 10. Nxa8 Qxg2 11. Rf1 exd4 12. Qxd4 Ne5 {
Truer en dødelig springergaffel på f3} 13. f4 $4 {En total feilvurdering.
Planen var} (13. f3) 13... Bh3 $4 {Ser veldig naturlig ut, nå vil det ikke
komme noen dronningsjakk på c4 (etter at springeren på e5 er borte) etterfulgt
av Dxc8+} ({Jeg hadde planlagt} 13... Nf3+ 14. Rxf3 Qxf3 15. Qc4+ d5 16. Qxc8+
Kf7 17. Qxh8 {Haken er at selv med tårn, springer og bonde over for hvit, har svart forsert matt i stillingen, for eksempel} Nxe4 18. Nxe4 Qxe4+ 19. Kd1 Qf3+ 20.
Kd2 Qxf4+ 21. Ke2 Qg4+ 22. Kf1 (22. Ke1 Bh4+ 23. Kd2 Bg5+ 24. Ke1 Qg1+ 25. Ke2
Qg2+ 26. Ke1 (26. Kd1 Qf1#) 26... Bh4+ 27. Kd1 Qf1+ 28. Kd2 Bg5+ 29. Kc3 Qc4#)
22... Qf3+ 23. Ke1 Bh4+ 24. Kd2 Qf4+ 25. Ke2 Qg4+ 26. Ke3 Qe4+ 27. Kd2 Bg5+ 28.
Kd1 Qh1+ 29. Ke2 Qg2+ 30. Ke1 Bh4+ 31. Kd1 Qf1+ 32. Kd2 Bg5+ 33. Kc3 Qc4# {Men:
Hvor lett er det å se dette over brettet?}) ({Vinsttrekket er} 13... Nfg4 $1) (
{Også} 13... Nxe4 {bør holde til vinst}) 14. Qf2 $1 {Det eneste som ikke taper
direkte!} (14. fxe5 $4 Qxf1+ 15. Kd2 dxe5 16. Qd3 Qf2+ 17. Qe2 Qd4+ 18. Qd3 Kf7
19. Nc7 Qf2+ 20. Ne2 Rd8) 14... Qxf2+ $2 (14... Neg4 15. Qxg2 Bxg2 16. Rg1 Bf3
17. Nc7 Nxh2 {Hvit leder med en kvalitet, og svart har problemer med å få
tårnet i spill}) (14... Nc6 15. Rg1 Qxf2+ 16. Kxf2 {og svart har samme problem
som i varianten over}) 15. Rxf2 Nfg4 $2 {Åpner opp for en løperbinding fra h4,
men det koster flesk!} 16. fxe5 $1 Bh4 17. Nd1 ({Da jeg gjorde mitt 14. trekk,
trodde jeg at jeg kunne spille} 17. Be3 {men "glemte" at den står rett i slag.}
) 17... Nxe5 ({Et litt mindre onde er} 17... dxe5 {men hvit står fremdeles til
vinst}) 18. Bf4 ({Jeg vurderte også} 18. Ne3 $4 {men overså at} Nf3+ 19. Ke2
Ng1+ 20. Kd2 Bxf2 {er remispreget}) (18. Be3 {var også mulig:} Ng4 (18... Bg2
19. Nc3 Ng4 20. Ke2 Nxf2 21. Bxf2 Bf6) 19. Kd2 Nxf2 20. Nxf2 Bxf2 21. Bxf2 {og
hvit leder med et tårn både i denne og den forrige varianten}) ({Selv svarts
beste forsøk er temmelig håpløst:} 18. Bf4 Ng4 19. Bxd6 Bxf2+ 20. Nxf2 Nxf2 21.
Kxf2 {og hvit har springer og bonde over. Svart ga derfor opp.}) 1-0

[Event "Klubbmesterskapet 2019 (A)"]
[Site "Ås, Akershus NOR"]
[Date "2019.02.28"]
[Round "3"]
[White "Olsen, Trygve"]
[Black "Bakken, Svein-Erik"]
[Result "1-0"]
[WhiteElo "1501"]
[BlackElo "1621"]
[PlyCount "173"]
[EventDate "2019.01.10"]

1. f4 d5 2. d4 c5 3. c3 Nc6 4. Nf3 Nf6 5. e3 e6 6. Be2 Be7 7. O-O Qc7 8. Ne5 b6
9. Nd2 Bb7 10. Ndf3 O-O 11. Bd3 Ne4 12. Nd2 f5 13. Rf3 Nf6 14. Rh3 Nxe5 15.
fxe5 Ng4 16. Nf3 a5 17. Rg3 Kh8 18. h3 Nh6 19. h4 Ng4 20. Ng5 Bxg5 21. hxg5 Qf7
22. Rh3 Ba6 23. Bc2 g6 24. Bd2 Qd7 25. Qe1 Rf7 26. Qh4 Raf8 27. Re1 a4 28. a3
Qb5 29. Bc1 Qd7 30. Bd1 Bd3 31. Be2 Bxe2 32. Rxe2 Qb5 33. Qe1 Qc6 34. g3 Qb5
35. Qd1 Qc6 36. Kg2 Qb5 37. Rh1 Qc6 38. Kf3 c4 39. Kf4 b5 40. Qc2 Rg7 41. Bd2
Kg8 42. Qc1 Kf7 43. Qd1 Ke7 44. Rh4 Rff7 45. Qh1 Qc7 46. Kf3 Qb7 47. Kg2 Kd8
48. Re1 Qe7 49. e4 dxe4 50. Kg1 Qa7 51. Be3 Qb7 52. Qg2 Ke8 53. Qd2 Qd5 54. Rf1
Rd7 55. Rxg4 fxg4 56. Rf6 Rgf7 57. Qe2 Rxf6 58. exf6 Qf5 59. Bf4 Rf7 60. Qe3
Kf8 61. d5 Qxd5 62. Kf2 Rd7 63. Qb6 e3+ 64. Qxe3 Qf3+ 65. Qxf3 gxf3 66. Kxf3 e5
67. Bxe5 Rd2 68. Ke4 Rxb2 69. Kd5 Kf7 70. Bd6 Ke8 71. Bb4 Kd7 72. f7 Rd2+ 73.
Ke4 Rf2 74. f8=N+ Kc6 75. Nxh7 Rf5 76. g4 Rf7 77. Nf6 Kb6 78. Ke5 Kc6 79. Ke6
Ra7 80. Ne4 Ra6 81. Kf7 Kd5 82. Nf6+ Ke5 83. Kxg6 Kf4 84. Kh6 Rc6 85. Be7 Re6
86. g6 Ke5 87. g7 1-0

[Event "Klubbmesterskapet 2019 (B)"]
[Site "Ås, Akershus NOR"]
[Date "2019.02.28"]
[Round "4"]
[White "Aamodt, Peder Marcus"]
[Black "Rønbeck, Bjørn"]
[Result "0-1"]
[WhiteElo "1384"]
[BlackElo "1543"]
[PlyCount "106"]
[EventDate "2019.01.10"]

1. e4 c5 2. Nf3 d6 3. c3 Nc6 4. Bb5 Bd7 5. d3 Nf6 6. Bg5 e6 7. Nbd2 Be7 8. Nc4
Qc7 9. Bxc6 Bxc6 10. Ne3 Qb6 11. Nc4 Qc7 12. Ne3 O-O 13. h3 b5 14. Ng4 Qd8 15.
Bxf6 Bxf6 16. Nxf6+ Qxf6 17. Qd2 Rfd8 18. Qg5 Qxg5 19. Nxg5 h6 20. Nf3 c4 21.
dxc4 bxc4 22. Nd2 d5 23. f3 Rd7 24. Ke2 Bb5 25. Ke3 Rad8 26. exd5 Rxd5 27. Rhd1
Ba4 28. b3 cxb3 29. axb3 Bxb3 30. Nxb3 Rxd1 31. Rxd1 Rxd1 32. c4 Kf8 33. Ke2
Rb1 34. Nc5 Rb2+ 35. Kd3 Rxg2 36. Nb7 Ke7 37. Kd4 Rb2 38. Na5 Kd7 39. Kc5 Rf2
40. Kb5 Rxf3 41. Nc6 Rb3+ 42. Kc5 f5 43. Nxa7 f4 44. Nc6 Rxh3 45. Ne5+ Kc7 46.
Ng4 h5 47. Nf2 Rh2 48. Ne4 f3 49. Kd4 f2 50. Nd2 Rh1 51. c5 Rd1 52. c6 f1=Q 53.
Ke5 Rxd2 0-1

[Event "Klubbmesterskapet 2019 (B)"]
[Site "Ås, Akershus NOR"]
[Date "2019.02.28"]
[Round "4"]
[White "Samset, Jon"]
[Black "Heien, Aksel"]
[Result "1/2-1/2"]
[WhiteElo "1410"]
[BlackElo "1247"]
[Annotator "Lea,Per"]
[PlyCount "104"]
[EventDate "2019.01.10"]

1. e4 e5 2. Nf3 Nc6 3. Bc4 Nf6 4. Ng5 d5 5. exd5 Na5 6. d3 ({Den vanligste
fortsettelsen her er} 6. Bb5+ c6 7. dxc6 bxc6 {Før pleide man å spille} 8. Be2
({eller} 8. Qf3) ({Men dagens mote tilsier det nybegynneraktige} 8. Bd3 {som
hindrer d-bonden Sergeij Malikov-Per Leac(ICCF Veterans World Cup 10 
(Fjernsjakk, tidligere kalt postsjakk) fortsatte} Nd5 9. Nf3 Bd6 10. O-O O-O
11. Re1 Re8 12. Nc3 f5 13. Nxd5 cxd5 14. Bb5 Bd7 15. Bxd7 Qxd7 {og svart fikk
en behagelig stilling som gikk over i et tve-egget sverd av et angrepsparti:
hvit hadde fribønder på f6 og c5, mens svart hadde sin konge på f3. Men
angrepet var farligere enn fribøndene og svart vant etter 46 trekk.})) 6...
Nxc4 7. dxc4 {Hvit gir fra seg løperparet og blir sittende med en dobbeltbonde.
Etter å ha spilt denne stillingen mot Norgesmesteren fra 1972, Erling
Kristiansen, i Østlandsseriens 1. divisjon i 2001, spurte jeg om hvorfor han
valgte dette som jeg mente var en litt tam variant. En dobbeltbonde kan jo
ikke være så mye verdt? "Jo, en bonde er en bonde", svarte han - og knuste meg
sakte men sikkert.} Bc5 8. Be3 (8. Nc3 {er et godt alternativ. Etter
teksttrekket blir e-bonden hengende etter}) 8... Bxe3 9. fxe3 h6 (9... Ng4 $1 {
skaper problemer for hvit}) 10. Nf3 Bg4 11. Qc1 $2 (11. h3 Bf5 12. O-O {og
hvit står godt, selv om e-bonden ikke er noe vakkert syn} (12. Nxe5 Qe7 13. Nd3
Qxe3+ 14. Qe2 Qxe2+ 15. Kxe2 $14)) 11... Ne4 (11... b5 $1) 12. Nxe5 $4 {
Fristende, men livsfarlig!} Qh4+ 13. g3 Nxg3 14. Kd2 $2 (14. Nxg4 Nxh1+ 15. Kd2
Qxg4 16. Qxh1 Qxc4 17. Nc3 {er fremdeles vunnet for svar, men er litt mindre
dårlig enn kongetrekket}) 14... Ne4+ $1 {Enda bedre enn å forsyne seg med
kvalitesvinsten på h1} 15. Kd3 Nf2+ {Inkonsekvent} (15... Bf5 16. Rf1 Qf6 17.
Ng4 Ng3+ 18. Kd2 Nxf1+ 19. Qxf1 Bxg4 {med et helt tårn over og lett vinst}) 16.
Kc3 Nxh1 (16... Qf6 $1 {Husk gamle Nizowitschs ord: En trussel er verre enn
utførelsen!}) 17. Nxg4 Qxg4 18. Qxh1 Qe2 19. Qe4+ Kf8 20. Qf4 Re8 21. Qxc7
Qxe3+ 22. Kb4 Qe7+ 23. Qxe7+ Kxe7 24. Nc3 {Svart står fremdeles best, men hvit
har springer og 2 bønder for tårnet} Kd7 25. Rf1 Rhf8 26. c5 f5 27. h4 f4 28.
h5 Re5 29. Rg1 Rf7 30. Rg6 Ke7 31. Kb5 f3 32. d6+ Kd7 33. Nd1 f2 $2 {Kaster
bort mye av fordelen} (33... Rxh5 {beholder en klar overvekt}) 34. Nxf2 Rxf2 $4
{Nå er stillingen plutselig remis!} 35. Rxg7+ Kd8 36. Rxb7 Rxc2 37. b4 Rxa2 38.
Rb8+ Kd7 39. Rb7+ Kc8 40. Rc7+ Kd8 41. Kc6 Ra6+ 42. Kb7 Rxd6 $4 (42... Ra1 {er
remis}) 43. cxd6 Rb5+ 44. Kxa7 (44. Kc6 $1 {vinner:} Rb6+ 45. Kc5 Ra6 46. Rh7
Ra2 47. Rxh6 Rc2+ 48. Kd5 Rd2+ 49. Kc6 Rc2+ 50. Kb7 Kd7 51. Kxa7 Kc6 52. d7+
Kxd7 53. b5 {med lett vinst for hvit}) 44... Rxb4 45. Rh7 Rd4 $2 46. Rxh6 Rd5
47. Kb6 Kd7 48. Rh7+ (48. Rh8 Rxd6+ 49. Kc5 Rc6+ 50. Kd5 Rd6+ 51. Ke5 Re6+ 52.
Kf5 Ke7 53. Rh7+ Kd6 54. Ra7 Re7 55. Ra6+ ({Ikke} 55. Rxe7 $4 Kxe7 56. Kg6 Kf8
57. Kh7 Kf7 {med død remis}) 55... Kc5 56. h6 Rd7 57. Kg6 Rd2 58. h7 Rg2+ 59.
Kf7 Rf2+ 60. Rf6 {med lett vinst}) 48... Kxd6 49. h6 Rh5 50. Rh8 Ke6 51. h7 Kf7
52. Rc8 Rxh7 1/2-1/2

[Event "Klubbmesterskapet 2019 (A)"]
[Site "Ås, Akershus NOR"]
[Date "2019.02.28"]
[Round "5"]
[White "Furnes, Torstein"]
[Black "Kielland-Lund, Jon"]
[Result "1/2-1/2"]
[WhiteElo "1772"]
[BlackElo "1674"]
[Annotator "Furnes, Torstein"]
[PlyCount "62"]
[EventDate "2019.01.10"]

1. d4 d5 2. c4 c6 3. cxd5 cxd5 4. Bf4 Nc6 5. e3 Nf6 6. Nc3 Bf5 7. Qb3 Na5 8.
Qa4+ Bd7 9. Qc2 Rc8 10. Nf3 ({I høstturneringen 2018 fulgte det istedet} 10.
Bd3 b5 11. a3 e6 12. Nf3 {i partiene mine mot Jon Kielland-Lund og Anders Sten
Johansen.}) 10... g6 11. Ne5 a6 12. Bd3 b5 13. a3 Bg7 14. O-O O-O 15. Rac1 Nc4
16. Qe2 Be8 17. g4 e6 18. Kg2 Qb6 19. h4 Nd7 20. Nxc4 bxc4 21. Bb1 f5 22. gxf5
gxf5 23. Kh3 Nf6 24. Rg1 Kh8 25. Rg2 Rg8 26. Rcg1 Nh5 27. Be5 Qb7 28. Rg5 Qf7 {
En taktisk ladet stilling har plutselig oppstått. Fritz angir hele tre ulike
offiserofre (Dxh5!!, Sxd5!! og Lxf5!!) som alle gir vunnet stilling for hvit.
Dronningofferet er mest avgjørende (+8), mens de to andre ofrene vurderes til
ca +4.} 29. Bxg7+ $2 $11 (29. Qxh5 $3 Qxh5 (29... Bxe5 $2 30. Rxg8+ Qxg8 31.
Rxg8+ Kxg8 32. Qh6 $18) 30. Rxg7 Rxg7 31. Rxg7 h6 {Og nå er poenget at hvit
IKKE skal vinne dronningen umiddelbart tilbake med Tg5+?! Kh7 Txh5 Lxh5, da
hvit bare vil få et litt bedre sluttspill. Istedet kan hvit rolig spille} 32.
Bc2 $1 {som truer Ld1 og dronningfangst, en trussel svart ikke har noe
fornuftig forsvar mot.} (32. Nxd5 $3 {fungerer også. F.eks.} exd5 33. Rg5+ Kh7
34. Bxf5+ Bg6 35. Rxh5 $18)) ({Et alternativt (men altså litt svakere)
offisersoffer er} 29. Nxd5 $3 {og dersom svart tar imot offeret med exd5?!, så
spiller hvit Dxh5!! og vi får via trekkomkastning samme variant som nevnt
ovenfor. Men Fritz mener at svart heller bør spille} Qb7 30. Nf4 Bf7 31. Nxh5
Bxe5 32. dxe5 $18) ({Det andre alternative (men litt svakere) offisersofferet
er} 29. Bxf5 $3 {Svart bør ikke ta imot offeret, for da kommer igjen
dronningofferet på h5:} exf5 $6 30. Qxh5 $3 Qxh5 31. Rxg7 Rxg7 32. Rxg7 h6 33.
Nxd5 Rc6 34. Nf4 $18) 29... Rxg7 30. Rxg7 Nxg7 31. f4 Rb8 1/2-1/2

[Event "Klubbmesterskapet 2019 (A)"]
[Site "Ås, Akershus NOR"]
[Date "2019.02.14"]
[Round "5"]
[White "Andersen, Odd"]
[Black "Lea, Per"]
[Result "1-0"]
[WhiteElo "1724"]
[BlackElo "1729"]
[PlyCount "44"]
[EventDate "2019.01.10"]

1. d4 d5 2. Bf4 e6 3. e3 c5 4. c3 Nf6 5. Nf3 Bd6 6. Bg3 Ne4 7. Bd3 Nxg3 8. hxg3
h6 9. Nbd2 Nc6 10. Qe2 Bd7 11. e4 cxd4 (11... O-O 12. e5 Bb8 13. g4 (13. dxc5
Qc7 14. g4 Nxe5 15. g5) (13. O-O-O) 13... f6) 12. exd5 dxc3 13. bxc3 Ne7 14.
dxe6 Bxe6 15. Bb5+ Bd7 16. Ne4 Qb6 17. Bxd7+ Kxd7 18. Rd1 Nc8 19. Kf1 (19. Ne5+
Ke8 20. Nxd6+ Nxd6 21. Nc4+) 19... Re8 20. Qd3 Ke7 21. Rh5 Bc7 22. Rd5 (22. Nc5
Bd6 23. Qe4+ Kf8 24. Nd7+ Kg8 25. Qxe8+ Bf8 26. Qxf8+ Kh7) 22... Rd8 (22... Kf8
23. Rb5 (23. Nc5 Kg8)) 1-0

[Event "Klubbmesterskapet 2019 (A)"]
[Site "Ås, Akershus NOR"]
[Date "2019.02.14"]
[Round "5"]
[White "Moberg, Jan Rune"]
[Black "Lund, Petter"]
[Result "1/2-1/2"]
[WhiteElo "1661"]
[BlackElo "1649"]
[PlyCount "104"]
[EventDate "2019.01.10"]

1. Nf3 d5 2. d4 Nf6 3. c4 e6 4. g3 Bb4+ 5. Bd2 Bxd2+ 6. Qxd2 O-O 7. Bg2 c6 8.
O-O dxc4 9. a4 a5 10. Na3 Na6 11. Nxc4 Nb4 12. Nfe5 Qc7 13. Rfc1 Rd8 14. e4 Nd7
15. Nf3 b6 16. Qe3 Bb7 17. h4 Ba6 18. Na3 Rac8 19. h5 Nf6 20. Nb5 Bxb5 21. axb5
Qd7 22. h6 Ng4 23. Qg5 Nxh6 24. bxc6 Rxc6 25. Ne5 Rxc1+ 26. Rxc1 Qxd4 27. Nc6
Nxc6 28. Rxc6 Qd1+ 29. Bf1 Qd4 30. Rc4 Qd7 31. Qe5 Ng4 32. Qf4 Nf6 33. Be2 Rc8
34. Qc1 Rxc4 35. Qxc4 b5 36. Qxb5 Qxb5 37. Bxb5 Nxe4 38. Kg2 Kf8 39. Kf3 Nd6
40. Bd3 h6 41. Ke3 Ke7 42. Kd4 Kd7 43. Kc5 Kc7 44. b3 f5 45. f3 h5 46. Kd4 Nf7
47. Kc5 Ne5 48. Be2 Nc6 49. Bc4 e5 50. Bf7 h4 51. gxh4 e4 52. fxe4 fxe4 1/2-1/2

[Event "Klubbmesterskapet 2019 (A)"]
[Site "Ås, Akershus NOR"]
[Date "2019.02.14"]
[Round "5"]
[White "Olsen, Trygve"]
[Black "Larsen, Jo Ingebrigt"]
[Result "0-1"]
[WhiteElo "1501"]
[BlackElo "1621"]
[PlyCount "84"]
[EventDate "2019.01.10"]

1. e4 e5 2. Bc4 Nf6 3. Nf3 Nxe4 4. Bxf7+ Kxf7 5. Nxe5+ Kg8 6. O-O d6 7. Nf3 Nc6
8. d3 Nf6 9. b3 Bg4 10. Nbd2 Nd4 11. Bb2 Nxf3+ 12. Nxf3 Be7 13. h3 Bh5 14. Qd2
Bxf3 15. gxf3 Qe8 16. Kh2 d5 17. Rae1 Bd6+ 18. f4 Qh5 19. Rg1 Qh4 20. Be5 Bxe5
21. fxe5 Ne8 22. Rg4 Qe7 23. f4 h6 24. f5 Kh7 25. d4 Rf8 26. Qd3 Kh8 27. Reg1
Rf7 28. f6 Nxf6 29. exf6 Qxf6 30. R1g2 c6 31. Re2 Raf8 32. Qg6 Qxg6 33. Rxg6
Rf2+ 34. Rxf2 Rxf2+ 35. Rg2 Rxg2+ 36. Kxg2 g5 37. Kg3 Kg7 38. c3 Kf6 39. Kg4
Kg6 40. a4 a5 41. c4 h5+ 42. Kf3 Kf5 0-1

[Event "Klubbmesterskapet 2019 (B)"]
[Site "Ås, Akershus NOR"]
[Date "2019.02.14"]
[Round "5"]
[White "Selboe, Øyvind W"]
[Black "Aamodt, Peder Marcus"]
[Result "1-0"]
[WhiteElo "1493"]
[BlackElo "1384"]
[PlyCount "97"]
[EventDate "2019.01.10"]

1. e4 c5 2. Nf3 Nc6 3. d4 cxd4 4. Nxd4 Nf6 5. Nc3 e5 6. Ndb5 d6 7. Be2 a6 8.
Na3 b5 9. Nd5 Nxe4 10. Bf3 f5 11. Qe2 Nd4 12. Qd1 Bb7 13. Bxe4 fxe4 14. Ne3 g6
15. c3 Ne6 16. Nd5 Nc5 17. O-O Nd3 18. Ne3 Bh6 19. Qb3 Qf6 20. Ng4 Qe7 21. Bxh6
Bc8 22. h3 Be6 23. Qc2 Bxg4 24. hxg4 g5 25. Qe2 d5 26. Qe3 Rg8 27. f3 Qc5 28.
Qxc5 Nxc5 29. fxe4 Nxe4 30. Rf5 Ke7 31. Raf1 Rg6 32. Rf7+ Ke6 33. Bf8 Nf6 34.
Re7+ Kd6 35. Re8+ Kc6 36. Rxa8 Kb7 37. Rxf6 Rxf6 38. Re8 d4 39. cxd4 exd4 40.
Bg7 Rd6 41. Re4 d3 42. Re1 Rc6 43. Rd1 b4 44. Nb1 Kb6 45. Kf2 Rc2+ 46. Nd2 Kb5
47. Ke3 Rc7 48. Bd4 Rf7 49. Rf1 1-0

[Event "Klubbmesterskapet 2019 (B)"]
[Site "Ås, Akershus NOR"]
[Date "2019.02.14"]
[Round "5"]
[White "Rønbeck, Bjørn"]
[Black "Simonsen, Steinar"]
[Result "1-0"]
[WhiteElo "1543"]
[BlackElo "1521"]
[PlyCount "67"]
[EventDate "2019.01.10"]

1. e4 e5 2. Nf3 Nc6 3. Bc4 f6 4. d4 d6 5. c3 Bg4 6. Qb3 Na5 7. Qb5+ c6 8. Qa4
b5 9. Bxb5 cxb5 10. Qxb5+ Bd7 11. Qd3 Qb6 12. b3 Ne7 13. O-O Rc8 14. Re1 Ng6
15. Be3 Nf4 16. Qd2 Bg4 17. dxe5 Qc7 18. Bxf4 dxe5 19. Bg3 Bxf3 20. gxf3 Be7
21. f4 Rd8 22. Qc1 h5 23. h3 h4 24. Bh2 Qd7 25. Qe3 exf4 26. Bxf4 g5 27. Bh2 g4
28. Bf4 gxh3 29. Kh2 Bd6 30. e5 fxe5 31. Bxe5 Bxe5+ 32. Qxe5+ Kf7 33. Qf4+ Kg7
34. Rg1+ 1-0

[Event "Klubbmesterskapet 2019 (B)"]
[Site "Ås, Akershus NOR"]
[Date "2019.02.14"]
[Round "5"]
[White "Skaret, Runar"]
[Black "Samset, Jon"]
[Result "1-0"]
[WhiteElo "1387"]
[BlackElo "1410"]
[PlyCount "97"]
[EventDate "2019.01.10"]

1. e4 e5 2. Bc4 Nf6 3. d3 Bb4+ 4. Bd2 Bxd2+ 5. Nxd2 O-O 6. Ngf3 Nc6 7. c3 h6 8.
O-O d6 9. Qb3 a6 10. d4 b5 11. Bd5 Nxd5 12. Qxd5 Bb7 13. Qb3 Kh8 14. a4 exd4
15. axb5 axb5 16. Qxb5 Rb8 17. cxd4 Ba8 18. Qc4 Rxb2 19. Rfc1 Qe7 20. Rxa8 Rxa8
21. Qxc6 Ra7 22. h3 Rb6 23. Qc2 Rba6 24. Rb1 Ra1 25. Rxa1 Rxa1+ 26. Kh2 f6 27.
Qb2 Ra8 28. e5 Re8 29. Nc4 Qe6 30. Qc3 Re7 31. exd6 cxd6 32. Ne3 Re8 33. Qc4
Qd7 34. Qd5 g6 35. g4 Qe7 36. Nh4 Kh7 37. Qc6 Rb8 38. Qc2 f5 39. gxf5 Qxh4 40.
Qc7+ Kg8 41. Qxb8+ Kg7 42. Qc7+ Kf8 43. Qxd6+ Ke8 44. Qxg6+ Kd7 45. Qe6+ Kd8
46. Qd6+ Ke8 47. Qg3 Qf6 48. Kg2 Qf8 49. Qb8+ 1-0

[Event "Klubbmesterskapet 2019 (B)"]
[Site "Ås, Akershus NOR"]
[Date "2019.02.14"]
[Round "5"]
[White "Yazdankhah, Siamak"]
[Black "Petersen, Rune J"]
[Result "0-1"]
[WhiteElo "1341"]
[BlackElo "1199"]
[PlyCount "64"]
[EventDate "2019.01.10"]

1. e4 d6 2. Nf3 Nc6 3. h3 Nf6 4. Nc3 e5 5. Bc4 Be6 6. Bxe6 fxe6 7. d3 Be7 8. g4
O-O 9. h4 Nxg4 10. Qe2 Rf7 11. Be3 Nxe3 12. Qxe3 Qd7 13. O-O-O Raf8 14. Rh3 b6
15. Kb1 Nd4 16. Nxd4 exd4 17. Qxd4 e5 18. Qe3 Rxf2 19. Rhh1 R8f3 20. Qe1 Qg4
21. Rg1 Qxh4 22. Rd2 Qf6 23. Rxf2 Rxf2 24. Nd1 Rf4 25. Ne3 Qh4 26. Ng2 Qxe1+
27. Rxe1 Rf3 28. Ne3 Bh4 29. Rh1 Rxe3 30. Rc1 Re1 31. Rxe1 Bxe1 32. c4 h5 0-1

[Event "Klubbmesterskapet 2019 (A)"]
[Site "Ås, Akershus NOR"]
[Date "2019.02.21"]
[Round "6"]
[White "Lund, Petter"]
[Black "Olsen, Trygve"]
[Result "0-1"]
[WhiteElo "1649"]
[BlackElo "1501"]
[Annotator "Lea,Per"]
[PlyCount "107"]
[EventDate "2019.01.10"]

1. e4 c6 2. d4 d6 3. c4 e5 4. dxe5 Qa5+ 5. Nc3 Qxe5 6. Nf3 Qe7 7. Be2 Nd7 8.
Bf4 Ne5 9. O-O f6 10. h3 g5 11. Nxe5 fxe5 12. Bh5+ Kd8 13. Be3 b6 14. c5 bxc5
15. Bxc5 Nf6 16. Be2 h5 17. Be3 Qg7 18. Qa4 g4 19. h4 Qb7 20. Rad1 Ke8 21. f4
gxf3 22. Rxf3 Nd7 23. Qc2 Qc7 24. Rf5 Be7 25. Bxh5+ Kd8 26. Bg5 Nf8 27. Rxe5
Ne6 28. Bxe7+ Qxe7 29. g3 a6 30. b4 Qa7+ 31. Kh2 Nd4 32. Qf2 dxe5 33. Qf6+ Qe7
34. Qxh8+ Kc7 35. Qe8 Qxe8 36. Bxe8 Bg4 37. Bxc6 $2 (37. Rc1 Kd6 (37... Rxe8
38. Nd5+ Kd6 39. Nf6 Bd7) 38. Bg6) 37... Rf8 (37... Kxc6 38. Rf1 $19) 38. Nd5+
Kxc6 39. Rc1+ Kd6 40. a4 Rf2+ 41. Kg1 Ra2 42. Rc5 Rxa4 43. Ra5 Rxa5 44. bxa5
Nc6 45. Kf2 Nxa5 46. Nf6 Be6 47. g4 Nc6 48. g5 Ke7 49. Nd5+ Kf7 50. h5 a5 51.
Ke3 a4 52. Kd2 Bg4 53. Nf6 Be6 54. h6 {Kluss i begge noteringsskjemaene på
slutten. Hvit tapte på tid.} 0-1